Statistics for Pirates of the Caribbean Quiz

Click here to take the quiz!

General Stats

  • This quiz has been taken 2,406 times
    (2,404 since last reset)
  • The average score is 11 of 22

Answer Stats

Hint Answer % Correct
The CaptainJack Sparrow
97%
The MonkeyJack
96%
Honest BlacksmithWill Turner
85%
The Governor's DaughterElizabeth Swan
81%
SquidfaceDavy Jones
67%
Captain of the Black Pearl (Movie 1)Hector Barbossa
66%
Movie #1Curse of the Black Pearl
64%
Movie #2Deadman's Chest
60%
Movie #3At World's End
58%
Blacksmith's FatherBootstrap Bill
57%
Squidface's ShipFlying Dutchman
50%
Movie #4On Stranger Tides
49%
Disgraced CommodoreJames Norrington
46%
Magical Artifact (Movie 4)Fountain of Youth
37%
Love Interest (Movie 4)Angelica Teach
25%
Crony #2Ragetti
22%
Crony #1Pintel
21%
Lord of Port RoyalCutler Beckett
21%
Pirate Lord of SingaporeSao Feng
20%
Director of First Three MoviesGore Verbinski
15%
Number of Aztec Gold Coins882
9%
Palegasta InhabitantsCannibals
9%

Score Distribution

Percentile by Number Answered

Percent of People with Each Score

Your Score History

You have not taken this quiz since the last reset